| 000 | 00408 a2200133 4500 | ||
|---|---|---|---|
| 001 | 87744 | ||
| 082 | _aPR 121 | ||
| 090 |
_c41203 _d41203 |
||
| 100 | _aFaheem Ahmed, Plt Off | ||
| 245 | _aDesign and development of stand-Alcne remotely controlled bio-acoustic scare crow system | ||
| 260 |
_aRisalpur _bNUST Risalpur _c2010 |
||
| 300 |
_aix, 33p. _eM Abdul Rehman Khan, Gp Capt |
||
| 500 | _aBE Project Reports | ||
| 942 |
_aCAE NUST _kPR 121 |
||
| 999 |
_c322817 _d322817 |
||